[Event "Imperia op 29th"]
[Site "Imperia"]
[Date "1987.09.08"]
[Round "3.7"]
[White "Hector, Jonny"]
[Black "Gualco, Ardelio"]
[Result "1-0"]
[WhiteElo "2400"]
[BlackElo "1977"]
[PlyCount "63"]
[EventDate "1987.09.06"]
[EventType "swiss"]
[EventRounds "8"]
[EventCountry "ITA"]
[SourceTitle "EXT 2023"]
[Source "ChessBase"]
[SourceDate "2022.10.05"]
[SourceVersion "1"]
[SourceVersionDate "2022.10.05"]
[SourceQuality "1"]

1. e4 d5 2. exd5 Qxd5 3. Nc3 Qa5 4. Bc4 Nf6 5. Nge2 Bg4 6. f3 Bf5 7. d4 e6 8. 0-0 Be7 9. Bf4 c6 10. Ng3 Bg6 11. Be5 0-0 12. Qe2 Nbd7 13. f4 Nxe5 14. dxe5 Nd5 15. Nxd5 cxd5 16. Bb3 Rfe8 17. Rad1 Rad8 18. Kh1 f6 19. f5 exf5 20. Nxf5 fxe5 21. Qf3 Bxf5 22. Qxf5 Bf6 23. Qe4 b6 24. Bxd5+ Kh8 25. Rd3 h6 26. a3 Qc5 27. Qg6 Rf8 28. Be4 Kg8 29. Rxf6 Rxf6 30. Rxd8+ Rf8 31. Qh7+ Kf7 32. Qf5+ 1-0